| 000 | 00822nam a2200205 i 4500 | ||
|---|---|---|---|
| 001 | 168089 | ||
| 003 | ES-MaACL | ||
| 005 | 20251014063247.0 | ||
| 008 | 981002s1872 sp f |||| | spa d | ||
| 040 |
_aCARM _bspa _cCCPB | 3D |
||
| 100 | 1 |
_aYsabeau, Alexandre, _d1793-1873 _9133997 |
|
| 245 | 1 | 3 |
_aEl jardinero de los salones ó Arte de cultivar las flores en las habitaciones, en las ventanas y en los balcones / _cpor Ysabeau ; vertido del francés al castellano por José Brun y Pages. |
| 250 |
_a2ª ed. _bilustrada con 13 grabados intercalados en el texto. |
||
| 260 |
_aMadrid : _bBailly-Bailliere, _c1872. |
||
| 300 |
_a168 p. ; _c19 cm. |
||
| 650 | 0 | 4 |
_aJardinería. _9136318 |
| 700 | 1 |
_aBrun y Pages, José. _9161122 |
|
| 852 |
_aES-MaACL _jD-1563 _z-- Rúst. cromolit. |
||
| 999 |
_c168089 _d168089 |
||